| 000 -LEADER |
| fixed length control field |
01198nam a22001577a 4500 |
| 008 - FIXED-LENGTH DATA ELEMENTS--GENERAL INFORMATION |
| fixed length control field |
210902b ||||| |||| 00| 0 eng d |
| 100 ## - MAIN ENTRY--PERSONAL NAME |
| Personal name |
Sawhney, R.K., Kaur, N. and Dhingra, P.K. |
| 245 ## - TITLE STATEMENT |
| Title |
A study on impact of capital structure on profitability of Indian companies |
| 260 ## - PUBLICATION, DISTRIBUTION, ETC. (IMPRINT) |
| Place of publication, distribution, etc |
Focus WTO: The Quarterly Publication of Indian Institute of Foreign Trade 23(1), Jan-Mar, 2021: p.40-44 |
| 300 ## - PHYSICAL DESCRIPTION |
| Extent |
23(1), Jan-Mar, 2021: p.40-44 |
| 520 ## - SUMMARY, ETC. |
| Summary, etc |
Previously many scholars have concluded that overall capital structure is instrumental in guiding firm’s subsequent grown, sustainability and profitability. Financial crisis has aroused lot of interest of researchers to explore the implications of debt in the financial world of the economy. Firms listed on the stock exchange for the years have been successful in gathering have given an indication of presence of the casual relationship between firm’s capital statures this research paper. – Reproduced |
| 650 ## - SUBJECT ADDED ENTRY--TOPICAL TERM |
| Topical term or geographic name as entry element |
Capital structure, Financial performance, NSE nifty 50 index, CFP |
| 9 (RLIN) |
27227 |
| 773 ## - HOST ITEM ENTRY |
| Main entry heading |
Focus WTO: The Quarterly Publication of Indian Institute of Foreign Trade |
| 906 ## - LOCAL DATA ELEMENT F, LDF (RLIN) |
| Subject DIP |
CAPITAL STRUCTURE |
| 942 ## - ADDED ENTRY ELEMENTS (KOHA) |
| Item type |
Articles |